| 000 | 00531cam a2200205ua 4500 | ||
|---|---|---|---|
| 001 | 7906 | ||
| 008 | 150113n ii |||gr||||Z||||||hin | ||
| 020 | _a8186135073 | ||
| 040 | _cMAIN | ||
| 041 | _ahin | ||
| 082 | _a891.43 | ||
| 100 |
_aSharma, R., _eAuthor. |
||
| 245 |
_aAnuvadvignan : _bSiddhant aur prayogic sandarbh / _cBy Rajmani Sharma . |
||
| 250 | _a1st. | ||
| 260 |
_aBaranasi: _bSanjay, _c1994. |
||
| 300 | _a110p. | ||
| 653 | _aEast Indo-European & Celtic literatures | ||
| 653 | _aHindi literature | ||
| 942 | _cBK | ||
| 999 |
_c7026 _d7026 |
||